• 首页
  • 本馆介绍
  • 公告通知
  • 最新文献
  • 馆藏检索
  • 电子资源
  • 读者导购
  • 参考咨询
  • 我的图书馆
  • 登录
  • 详细信息显示
  • 放入我的书架
  • 预约/预借图书
  • 作者相关作品
  • 分类相关作品
  • 丛书相关作品
  • 出版社相关作品

书目信息

  • 表格格式
  • 工作单格式
  • 卡片格式
题名:
哈农·拜厄 大辞曲
    
 
作者: 封颖 主编
分册: 下  
出版信息: 上海   上海教育出版社  2018.08
页数: 60页
开本: 30cm
丛书名: 小楠呱 魔法音乐城堡系列丛书
单 册:
中图分类: J657.411(516)
科图分类:
主题词: 钢琴曲--练习曲--作品集--德国
电子资源:
ISBN: 978-7-5444-8742-9
000 01160oam2 2200277 450
001 0120162051343
005 20181024090621.62
010    @a978-7-5444-8742-9@dCNY27.34,CNY82.00(全3册)
100    @a20180913d2018 bemy0chiy50 ea
101 0  @achi
102    @aCN@b310000
105    @aag z 000yy
106    @ar
200 1  @a哈农·拜厄 大辞曲@9ha nong · bai e da ci qu@h下@f封颖主编
210    @a上海@c上海教育出版社@d2018.08
215    @a60页@c彩图,彩照@d30cm
225 2  @a小楠呱 魔法音乐城堡系列丛书
304    @a本书无题名页,200字段信息取自版权页
330    @a本书将《哈农》《拜厄》中需要练习的曲子做相关学习递进排列,哪几首哈农练习后需要练哪几首拜厄,科学地排列;每首练习曲加入知识索引、练习方法,当学生遇到某个学习难点时,可以找到索引相对应的知识点及练习方法;设计闯关的游戏,增添趣味性;采用人物形象展示调性,让小朋友在学习调性的过程中通过人物方法来加强枯燥乐理知识的记忆力。
333    @a少儿
461  0 @12001 @a小楠呱 魔法音乐城堡系列丛书
606 0  @a钢琴曲@x练习曲@x作品集@y德国
690    @aJ657.411(516)@v5
701  0 @a封颖@9feng ying@4主编
801  0 @aCN@b人天书店@c20180913
905    @b1096276-79@dJ657.411(516)@e676:3@f4
    
    哈农·拜厄 大辞曲.下/封颖主编.-上海:上海教育出版社,2018.08
    60页:彩图,彩照;30cm.-(小楠呱 魔法音乐城堡系列丛书)
    使用对象:少儿
    
    ISBN 978-7-5444-8742-9:CNY27.34,CNY82.00(全3册)
    本书将《哈农》《拜厄》中需要练习的曲子做相关学习递进排列,哪几首哈农练习后需要练哪几首拜厄,科学地排列;每首练习曲加入知识索引、练习方法,当学生遇到某个学习难点时,可以找到索引相对应的知识点及练习方法;设计闯关的游戏,增添趣味性;采用人物形象展示调性,让小朋友在学习调性的过程中通过人物方法来加强枯燥乐理知识的记忆力。
●
相关链接 在E读中查询图书 在五车中查询图书 在当当中查询图书 在豆瓣中查询图书


正题名:哈农·拜厄 大辞曲     索取号:J657.411(516)/676:3         预约/预借

序号 登录号 条形码 馆藏地/架位号 状态 备注
1 1096276   210962760   第一样本阅览室/ [索取号:J657.411(516)/676:3] 在馆    
2 1096277   210962779   教育系资料室/ [索取号:J657.411(516)/676:3] 在馆    
3 1096278   210962788   教育系资料室/ [索取号:J657.411(516)/676:3] 在馆    
4 1096279   210962797   第一借阅区/ [索取号:J657.411(516)/676:3] 在馆    
唐山师范学院图书馆 欢迎您!
大连网信软件有限公司© 版权所有